The Microstructure of Government Securities Markets /

This paper applies the 'market microstructure' literature to the specific features of government securities markets and draws implications for the strategy to develop government securities markets. It argues for an active role of the authorities in fostering the development of efficient ma...

Full description

Bibliographic Details
Main Author: Dattels, Peter
Format: Journal
Language:English
Published: Washington, D.C. : International Monetary Fund, 1995.
Series:IMF Working Papers; Working Paper ; No. 1995/117
Online Access:Full text available on IMF
LEADER 01334cas a2200241 a 4500
001 AALejournalIMF007337
008 230101c9999 xx r poo 0 0eng d
020 |c 5.00 USD 
020 |z 9781451853988 
022 |a 1018-5941 
040 |a BD-DhAAL  |c BD-DhAAL 
100 1 |a Dattels, Peter. 
245 1 4 |a The Microstructure of Government Securities Markets /  |c Peter Dattels. 
264 1 |a Washington, D.C. :  |b International Monetary Fund,  |c 1995. 
300 |a 1 online resource (90 pages) 
490 1 |a IMF Working Papers 
500 |a <strong>Off-Campus Access:</strong> No User ID or Password Required 
500 |a <strong>On-Campus Access:</strong> No User ID or Password Required 
506 |a Electronic access restricted to authorized BRAC University faculty, staff and students 
520 3 |a This paper applies the 'market microstructure' literature to the specific features of government securities markets and draws implications for the strategy to develop government securities markets. It argues for an active role of the authorities in fostering the development of efficient market structures. 
538 |a Mode of access: Internet 
830 0 |a IMF Working Papers; Working Paper ;  |v No. 1995/117 
856 4 0 |z Full text available on IMF  |u http://elibrary.imf.org/view/journals/001/1995/117/001.1995.issue-117-en.xml  |z IMF e-Library